| 000 | 00423nam a2200169Ia 4500 | ||
|---|---|---|---|
| 008 | 230524s9999 xx 000 0 und d | ||
| 020 | _a9788177225211 | ||
| 082 |
_a658.62 _bASS |
||
| 100 | _aHenry Assael | ||
| 245 | 0 | _aConsumer Behaviour : A Strategic Approach | |
| 250 | _aIST | ||
| 260 |
_aNEW DELHI _bbiztantra _c2007 |
||
| 300 | _aXXVI;661 | ||
| 500 | _aQuantity Number: 3 | ||
| 650 | _aManagement | ||
| 942 | _cBK | ||
| 999 |
_c43011 _d43011 |
||